000 00436cam a2200145 4500500
005 20251012032640.0
041 _afre
042 _adc
100 1 0 _aLe Moing, Monique
_eauthor
245 0 0 _aLe Boussadia ou le féticheur masqué
260 _c2009.
500 _a27
786 0 _nSigila | 24 | 2 | 2009-12-20 | p. 43-49 | 1286-1715
856 4 1 _uhttps://shs.cairn.info/revue-sigila-2009-2-page-43?lang=fr&redirect-ssocas=7080
999 _c1547944
_d1547944